| 000 | 00797nam a2200193 i 4500 | ||
|---|---|---|---|
| 001 | 56128 | ||
| 003 | ES-MaACL | ||
| 005 | 20250416222532.0 | ||
| 007 | t| | ||
| 008 | 031003s1967 sp ||||1| spa d | ||
| 100 | 1 |
_aDíaz-Plaja, Guillermo, _d1909-1984 _9162428 |
|
| 245 | 1 | 3 |
_aLa dimensión culturalista en la poesía castellana del siglo XX _b: Discurso de recepción / _cdel Sr. D. Guillermo Díaz-Plaja y contestación del Sr. D. Martín de Riquer, conde de Casa Dávalos. Sesión del 5 de noviembre de 1967. |
| 260 |
_aMadrid : _bReal Academia Española, _c1967. |
||
| 300 |
_a194 p. ; _c22 cm. |
||
| 650 | 4 |
_aPoesía española- _yS.XX- _xHistoria y crítica. _916167 |
|
| 700 | 1 |
_aRiquer, Martín de, _d1914-2013 _9240061 |
|
| 852 |
_aES-MaACL _jC-26397 _bR.64744 |
||
| 999 |
_c56128 _d56128 |
||